000
00306nam a2200121Ia 4500
008
190216s9999||||xx |||||||||||||| ||und||
100
_a
Helen M Walker & Joseph Lev
245
0
_a
Elementary Stastical Methods
260
_b
Sulthan Chand&Sons
_c
1958
300
_a
301p
650
_a
Commerce
942
_c
BK
999
_c
3893
_d
3893